000 00405pab a2200145 454500
008 180718b1984 xxu||||| |||| 00| 0 eng d
100 _aSigelman, Lee and others
245 _aOrganisational responses to affirmative action
_b"Elephant burial grounds" revisited
260 _c1984
300 _a27-40
362 _aMay
650 _aOrganisation
773 _aAdministration and Society
909 _a14569
999 _c14569
_d14569